Countries with Two Vowels (Continent Prompts) - Statistics

General Stats
  • This quiz has been taken 211 times
    209 since last reset
  • The average score is 30 of 41
Answer Stats
Country % Correct
France
88%
Norway
86%
Spain
85%
Finland
84%
Japan
84%
Peru
82%
China
81%
Sweden
81%
Fiji
80%
Oman
80%
Poland
80%
Chile
78%
Italy
76%
Tonga
76%
Yemen
76%
Denmark
75%
Iran
75%
Iraq
75%
Togo
75%
Cuba
74%
Laos
73%
Libya
71%
Mali
71%
Malta
71%
Germany
69%
Kenya
69%
Benin
68%
Bhutan
68%
Qatar
68%
Jordan
67%
Brazil
66%
Ghana
66%
Sudan
66%
Nepal
64%
Syria
64%
Niger
63%
Gabon
61%
Rwanda
61%
Hungary
58%
Turkey
58%
Burma
47%
No matching quizzes found
Score Distribution
Percent of People with Each Score
Percentile by Number Answered
Your Score History
You have not taken this quiz since the last reset